000 01200nam a2200301 a 4500
005 20090811121558.0
008 861210r19871982nyua b 000 0 eng
010 _aENG-94717
020 _a9788189833404
_c250.00
035 _aEN-78250
037 _bDBAD / PUB
040 _adpl
_bEnglish
082 _a330.9730927
100 _aMagdoff, Harry
245 _aStagnation and the financial explosion /
_cby Harry Magdoff (and) Paul M. Sweezy
260 _aDelhi
_bAakar Books
_c2008
270 _a28E Pocket IV, Mayur Vihar, Phase-I,
_bDelhi
_e110091
300 _a208 p.
_c21cm(pbk)
500 _aIncludes bibliographical references
650 _aUnemployment
_xEffect of inflation on
_zUnited States.
650 _aCapitalism
_zUnited States.
650 _aMarxian economics.
651 _aUnited States
_xEconomic conditions
_y1981-2001.
651 _aUnited States
_xEconomic policy
_y1981-1993.
700 _aSweezy, Paul M.
_q(Paul Marlor),
942 _2ddc
_cEN
_h330.9730927
_mMAG
999 _c29114
_d29114